| 000 | 00000nam##2200000za#4500 |
| 001 | 9.528281 |
| 003 | CaOODSP |
| 005 | 20200331225242 |
| 007 | ta |
| 008 | 150406|1997||||xxc||||| f|0| 0 fre|d |
| 020 | |a0-662-62741-5 |
| 040 | |aCaOODSP|bfre |
| 041 | |aeng |
| 041 | |afre |
| 043 | |an-cn--- |
| 086 | 1 |aSC94-62/18-1997 |
| 110 | 1 |aCanada.|bCentre canadien de gestion. |
| 245 | 10|aOrganismes de service spéciaux : |bmarketing / |cpar John Dingwall. |
| 260 | |aOttawa - Ontario : |bCentre canadien de gestion |c1997. |
| 300 | |aTexte français, viii, 49p. : |bréférences, tableaux ; |c28 cm. |
| 490 | 1 |aLes pratiques de gestion|vN° 18 |
| 546 | |aBilingue |
| 563 | |aReliure à spirale |
| 590 | |a98-09|b1998-02-27 |
| 720 | 1 |aDingwall, John |
| 776 | 0#|tSpecial operating agencies : |w(CaOODSP)9.572892 |
| 776 | 0#|tOrganismes de service spéciaux : |w(CaOODSP)9.603139 |
| 791 | |tSpecial Operation Agencies : |eeng|w(CaOODSP)9.528280 |
| 830 | #0|aLes pratiques de gestion ;|vN° 18|w(CaOODSP)9.509637 |
| 986 | |aP71F |